Hispanic Last Names in the U.S. - Statistics

General Stats
  • This quiz has been taken 54,816 times
    19,184 since last reset
  • The average score is 8 of 24
Answer Stats
# People Last Name % Correct
1,027,000 Rodriguez
74%
990,000 Hernandez
69%
799,000 Gonzalez
60%
813,000 Lopez
60%
1,073,000 Garcia
59%
339,000 Gomez
53%
985,000 Martinez
52%
570,000 Sanchez
44%
527,000 Ramirez
42%
634,000 Perez
39%
274,000 Gutierrez
25%
403,000 Torres
25%
322,000 Diaz
22%
267,000 Ortiz
20%
229,000 Ramos
19%
221,000 Ruiz
19%
216,000 Alvarez
18%
294,000 Cruz
17%
399,000 Flores
17%
233,000 Chavez
15%
291,000 Morales
14%
290,000 Reyes
14%
356,000 Rivera
12%
218,000 Mendoza
10%
No matching quizzes found
Score Distribution
Percent of People with Each Score
Percentile by Number Answered
Your Score History
You have not taken this quiz since the last reset